Brand Quiz - Sweets - Statistics

General Stats
  • This quiz has been taken 123 times
  • The average score is 9 of 16
Answer Stats
Picture Answer % Correct
Skittles
90%
KitKat
84%
M&M's
83%
Hershey's
80%
Twix
73%
Cadbury
72%
Haribo
71%
Reese's
63%
PEZ
54%
Snickers
52%
Sour Patch Kids
50%
Maltesers
49%
Aero
41%
Jelly Belly
34%
Butterfinger
21%
Airheads
12%
No matching quizzes found
Score Distribution
Percent of People with Each Score
Percentile by Number Answered
Your Score History
You have not taken this quiz